तेनालीराम की प्रसिद्ध कहानियाँ (Record no. 79877)

MARC details
000 -LEADER
fixed length control field 00944nam a22002297a 4500
005 - DATE AND TIME OF LATEST TRANSACTION
control field 20131031145515.0
010 ## - LCCN (DPL NO)
LC control number HIN-78769
020 ## - INTERNATIONAL STANDARD BOOK NUMBER
International Standard Book Number 8175735945
Terms of availability 110.00
035 ## - SYSTEM CONTROL NUMBER
System control number B-209811
037 ## - SOURCE OF ACQUISITION
Source of stock number/acquisition D.B.Act / ven
037 ## - SOURCE OF ACQUISITION
Source of stock number/acquisition दिपला /यूबीएच
082 14 - DEWEY DECIMAL CLASSIFICATION NUMBER
Classification number
245 1# - TITLE STATEMENT
Title तेनालीराम की प्रसिद्ध कहानियाँ
Statement of responsibility, etc श्याम दूआ द्वारा सम्पादित
260 ## - PUBLICATION, DISTRIBUTION, ETC. (IMPRINT)
Place of publication, distribution, etc दिल्ली
Name of publisher, distributor, etc टिनी टाँट पब्लिकेशन्स
Date of publication, distribution, etc 2004
270 ## - ADDRESS
Address एच- 37, सेक्टर-63
City नोएडा यू.पी
Postal code 201301
300 ## - PHYSICAL DESCRIPTION
Extent 144पृ
Other physical details सचित्र
Dimensions 23 सेमी (सजिल्द)
650 ## - SUBJECT ADDED ENTRY--TOPICAL TERM
Topical term or geographic name as entry element बाल कहानियाँ
650 ## - SUBJECT ADDED ENTRY--TOPICAL TERM
Topical term or geographic name as entry element कहानियाँ
650 ## - SUBJECT ADDED ENTRY--TOPICAL TERM
Topical term or geographic name as entry element Children Storys
700 ## - ADDED ENTRY--PERSONAL NAME
Personal name श्याम दुआ
942 ## - ADDED ENTRY ELEMENTS (KOHA)
Institution code [OBSOLETE] dpl
Item type Children Books
Call number prefix क / तेनाली
Source of classification or shelving scheme Dewey Decimal Classification

No items available.


© Delhi Public Library
Hit Counter
free hit counter